[Event "26th Troya Open 2018"]
[Site "Canakkale"]
[Date "2018.08.11"]
[Round "9.4"]
[White "Guseynov, Alihan"]
[Black "Laciner, Kerem"]
[Result "1-0"]
[WhiteElo "2329"]
[BlackElo "2240"]
[Annotator "NA"]
[PlyCount "99"]
[EventDate "2018.08.06"]
[EventType "swiss"]
[EventCountry "TUR"]
[SourceTitle "playchess.com"]
[Source "ChessBase"]
[SourceQuality "1"]
[TimeControl "5400+30"]

1. Nf3 {[%emt 0:00:30]} Nf6 {[%emt 0:00:30]} 2. c4 {[%emt 0:01:30]} c5 {[%emt 0:00:30]} 3. Nc3 {[%emt 0:00:00]} d5 {[%emt 0:02:30]} 4. cxd5 {[%emt 0:00:00]} Nxd5 {[%emt 0:00:00]} 5. e4 {[%emt 0:00:30]} Nxc3 {[%emt 0:00:00]} 6. dxc3 {[%emt 0:03:30]} Qxd1+ {[%emt 0:00:30]} 7. Kxd1 {[%emt 0:00:00]} Nc6 {[%emt 0:01:30]} 8. Be3 {[%emt 0:10:00]} e6 {[%emt 0:00:30]} 9. Kc2 {[%emt 0:03:30]} Bd7 {[%emt 0:09:30]} 10. Be2 {[%emt 0:08:30]} f6 {[%emt 0:06:30]} 11. h4 {[%emt 0:12:30]} Rd8 {[%emt 0:10:30]} 12. a4 {[%emt 0:05:30]} Bd6 {[%emt 0:08:30]} 13. Rhd1 {[%emt 0:25:30]} Ke7 {[%emt 0:00:00]} 14. a5 {[%emt 0:10:11] ˜} b6 {[%emt 0:02:00] 9} 15. axb6 {[%emt 0:00:58] ˜} axb6 {[%emt 0:00:00] 1} 16. Ra6 {[%emt 0:05:44] ˜} Rb8 {[%emt 0:03:00] ]} 17. e5 {[%emt 0:03:46] ˜ [%clk 0:00:45]} Nxe5 {[%emt 0:24:30]} 18. Nxe5 {[%emt 0:06:06]} Bxe5 {[%emt 0:00:30]} 19. Ra7 {[%emt 0:00:30]} Rhd8 {[%emt 0:00:30]} 20. Bb5 {[%emt 0:00:30]} Bd6 {[%emt 0:07:30]} 21. Rda1 {[%emt 0:00:20]} Rbc8 {[%emt 0:00:30]} 22. Kb3 {[%emt 0:00:30]} Rc7 {[%emt 0:00:30]} 23. Kc4 {[%emt 0:00:30]} Rb8 {[%emt 0:00:30]} 24. Bxd7 {[%emt 0:00:30]} Kxd7 {[%emt 0:00:30]} 25. Kb5 {[%emt 0:00:30]} f5 {[%emt 0:00:30]} 26. Rxc7+ {[%emt 0:00:30]} Kxc7 {[%emt 0:00:30]} 27. Ra7+ {[%emt 0:00:30]} Rb7 {[%emt 0:00:30]} 28. Ra8 {[%emt 0:00:30]} Be5 {[%emt 0:00:30]} 29. h5 {[%emt 0:00:30]} h6 {[%emt 0:00:30]} 30. f3 {[%emt 0:00:30]} Bf6 {[%emt 0:00:30]} 31. Rf8 {[%emt 0:00:40]} Kd7 {[%emt 0:00:30]} 32. Rf7+ {[%emt 0:00:30]} Kc8 {[%emt 0:00:30]} 33. Rf8+ {[%emt 0:00:07]} Kd7 {[%emt 0:03:10]} 34. Ka6 {[%emt 0:00:30]} Kc6 {[%emt 0:00:30]} 35. Rc8+ {[%emt 0:00:30]} Rc7 {[%emt 0:00:30]} 36. Rb8 {[%emt 0:00:24]} Kd5 {[%emt 0:00:00]} 37. Kb5 {[%emt 0:00:47]} Rc6 {[%emt 0:06:41]} 38. c4+ {[%emt 0:01:07]} Kd6 {[%emt 0:00:06]} 39. Rxb6 {[%emt 0:00:00]} Rxb6+ {[%emt 0:03:31]} 40. Kxb6 {[%emt 0:00:17]} Bd4 {[%emt 0:01:48]} 41. Bxd4 {[%emt 0:00:02]} cxd4 {[%emt 0:00:19]} 42. c5+ {[%emt 0:00:02]} Ke5 {[%emt 0:00:11]} 43. c6 {[%emt 0:00:26]} d3 {[%emt 0:00:27]} 44. c7 {[%emt 0:00:30]} d2 {[%emt 0:00:30]} 45. c8=Q {[%emt 0:00:00]} d1=Q {[%emt 0:00:00]} 46. Qc3+ {[%emt 0:00:36]} Qd4+ {[%emt 0:00:37]} 47. Kc6 {[%emt 0:01:38]} Qxc3+ {[%emt 0:00:58]} 48. bxc3 {[%emt 0:00:00]} Kf4 {[%emt 0:00:00]} 49. Kd6 {[%emt 0:00:20]} e5 {[%emt 0:03:03]} 50. g3+ {[%emt 0:00:13]} 1-0

[Event "26th Troya Open 2018"]
[Site "Canakkale"]
[Date "2018.08.11"]
[Round "9.5"]
[White "Abdulla, Khayala"]
[Black "Sibashvili, Giorgi"]
[Result "0-1"]
[WhiteElo "2245"]
[BlackElo "2410"]
[Annotator "TA"]
[PlyCount "66"]
[EventDate "2018.08.06"]
[EventType "swiss"]
[EventCountry "TUR"]
[SourceTitle "playchess.com"]
[Source "ChessBase"]
[SourceQuality "1"]

{[%evp 15,66,35,29,19,22,0,21,-16,-15,-14,-5,-14,-25,0,0,-15,-21,-56,-42,-72,-110,-129,-135,-172,0,-16,-12,-6,-7,-20,37,-503,-505,-511,-513,-1253,-1253,-1250,-1253,-1240,-1240,-1233,-1232,-1196,-1202,-1166,-1160,-1101,-1097,-29987,-29988,-29988,-29989]} 1. e4 e5 2. Nf3 Nc6 3. Bb5 Nf6 4. d3 d6 5. c3 Bd7 6. O-O g6 7. Re1 {C65: Ruy Lopez: Berlin Defence (3...Nf6), unusual lines and 4 0-0 Bc5} (7. h3 Bg7 8. Be3 O-O 9. Nbd2 Nh5 10. Ba4 Kh8 11. d4 f5 12. exf5 gxf5 13. dxe5 dxe5 14. Nxe5 Nxe5 15. Bxd7 Qxd7 16. Qxh5 {1-0 (30) Grischuk,A (2772)-Wang,H (2709) Huaian 2017}) 7... Bg7 8. Ba4 O-O {LiveBook: 8 Games} 9. Bg5 {White has an edge.} h6 10. Bh4 Qe8 11. Bc2 Nh5 12. Nbd2 Kh8 13. Nc4 f5 14. exf5 gxf5 15. d4 e4 $146 16. d5 Qg6 17. dxc6 exf3 {[%csl Gf3][%cal Rg6g2] [#]} 18. g3 Bxc6 19. Re7 Rf7 $2 ({Black should try} 19... Nf4 $19 {White must now prevent ...Ng2.} 20. Rxc7 Nh3+ 21. Kf1 Rae8) 20. Rxf7 $1 $11 Qxf7 21. Nd2 f4 22. g4 Bf6 ({Black should play} 22... Nf6 $11 23. h3 Qd5) 23. gxh5 $2 {[%mdl 8192]} (23. Nxf3 $14 {was the only good move.} Bxf3 24. Qxf3 (24. Bxf6+ Nxf6 25. Qxf3 Nxg4 $11)) 23... Bxh4 $19 24. Nxf3 Rg8+ 25. Bg6 (25. Kf1 $142 Qc4+ 26. Bd3) 25... Rxg6+ 26. hxg6 Qxg6+ 27. Kf1 Bb5+ 28. Ke1 Qe4+ 29. Kd2 Bxf2 {[#] ( -> ...Be3+)} 30. Kc1 Be3+ 31. Nd2 f3 32. a4 Be2 33. Qc2 Bd3 {Precision: White = 36%, Black = 70%.} 0-1

[Event "26th Troya Open 2018"]
[Site "Canakkale"]
[Date "2018.08.11"]
[Round "9.6"]
[White "Yerden, Huseyin Eren"]
[Black "Lomsadze, Davit"]
[Result "0-1"]
[WhiteElo "2051"]
[BlackElo "2352"]
[Annotator "NA"]
[PlyCount "72"]
[EventDate "2018.08.06"]
[EventType "swiss"]
[EventCountry "TUR"]
[SourceTitle "playchess.com"]
[Source "ChessBase"]
[SourceQuality "1"]
[TimeControl "5400+30"]

1. d4 {[%emt 0:00:30]} g6 {[%emt 0:02:30]} 2. c4 {[%emt 0:00:30]} Bg7 {[%emt 0:00:00]} 3. g3 {[%emt 0:00:00]} d6 {[%emt 0:00:00]} 4. Bg2 {[%emt 0:00:00]} Nd7 {[%emt 0:00:30]} 5. Nc3 {[%emt 0:00:30]} e5 {[%emt 0:00:00]} 6. Nf3 {[%emt 0:00:30]} Ne7 {[%emt 0:00:00]} 7. O-O {[%emt 0:00:30]} O-O {[%emt 0:00:30]} 8. e4 {[%emt 0:03:30]} exd4 {[%emt 0:02:30]} 9. Nxd4 {[%emt 0:00:30]} Nc6 {[%emt 0:00:30]} 10. Nxc6 {[%emt 0:08:30]} bxc6 {[%emt 0:01:30]} 11. Qc2 {[%emt 0:00:30]} Rb8 {[%emt 0:02:30]} 12. b3 {[%emt 0:05:30]} a5 {[%emt 0:09:30]} 13. Bb2 {[%emt 0:02:30]} c5 {[%emt 0:04:30]} 14. f4 {[%emt 0:09:30]} Bd4+ {[%emt 0:06:30]} 15. Kh1 {[%emt 0:03:30]} Nb6 {[%emt 0:01:30]} 16. Rad1 {[%emt 0:08:30]} c6 {[%emt 0:11:30]} 17. f5 {[%emt 0:09:30]} Qe7 {[%emt 0:09:30]} 18. f6 {[%emt 0:05:30]} Qe5 {[%emt 0:03:30]} 19. Rxd4 {[%emt 0:12:30]} cxd4 {[%emt 0:00:30]} 20. Ne2 {[%emt 0:00:30]} c5 {[%emt 0:04:30]} 21. Qd2 {[%emt 0:00:30]} Kh8 {[%emt 0:00:30] [%clk 0:23]} 22. Qh6 {[%emt 0:19:59]} Rg8 {[%emt 0:15:30]} 23. Nf4 {[%emt 0:00:30]} Bb7 {[%emt 0:00:30]} 24. Nd3 {[%emt 0:00:30]} Qe6 {[%emt 0:00:30]} 25. Rf4 {[%emt 0:00:30]} g5 {[%emt 0:00:30]} 26. Bh3 {[%emt 0:00:30]} Bxe4+ {[%emt 0:00:30]} 27. Kg1 {[%emt 0:00:30]} Bf5 {[%emt 0:00:30]} 28. Nf2 {[%emt 0:00:30]} g4 {[%emt 0:00:30]} 29. Bf1 {[%emt 0:00:30]} Rg6 {[%emt 0:00:30]} 30. Qh4 {[%emt 0:00:30]} Nd7 {[%emt 0:00:30]} 31. Qh5 {[%emt 0:00:40]} Rxf6 {[%emt 0:00:30]} 32. h3 {[%emt 0:00:30]} Bg6 {[%emt 0:01:30]} 33. Qg5 {[%emt 0:04:30]} Qe3 {[%emt 0:02:30]} 34. Kg2 {[%emt 0:00:30]} Rxf4 {[%emt 0:00:30]} 35. gxf4 {[%emt 0:00:30]} gxh3+ {[%emt 0:00:30]} 36. Kg1 {[%emt 0:00:30]} h2+ {[%emt 0:00:00]} 0-1

[Event "26th Troya Open 2018"]
[Site "Canakkale"]
[Date "2018.08.11"]
[Round "9.7"]
[White "Olcum, Ahmet"]
[Black "Aliyev, Elnur"]
[Result "1-0"]
[WhiteElo "2274"]
[BlackElo "2190"]
[Annotator "NA"]
[PlyCount "65"]
[EventDate "2018.08.06"]
[EventType "swiss"]
[EventCountry "TUR"]
[SourceTitle "playchess.com"]
[Source "ChessBase"]
[SourceQuality "1"]
[TimeControl "5400+30"]

1. d4 {[%emt 0:08:30]} d6 {[%emt 0:03:30]} 2. e4 {[%emt 0:01:30]} Nf6 {[%emt 0:00:30]} 3. Nc3 {[%emt 0:00:30]} e5 {[%emt 0:00:00]} 4. Nge2 {[%emt 0:01:30]} exd4 {[%emt 0:00:00]} 5. Nxd4 {[%emt 0:00:30]} Be7 {[%emt 0:00:30]} 6. g3 {[%emt 0:04:30]} O-O {[%emt 0:05:30]} 7. Bg2 {[%emt 0:00:30]} Bg4 {[%emt 0:01:30]} 8. f3 {[%emt 0:00:30]} Bd7 {[%emt 0:00:30]} 9. O-O {[%emt 0:01:30]} Nc6 {[%emt 0:02:30]} 10. Nde2 {[%emt 0:01:30]} a5 {[%emt 0:06:30]} 11. h3 {[%emt 0:07:30]} Re8 {[%emt 0:03:30]} 12. f4 {[%emt 0:10:30]} Bf8 {[%emt 0:10:30]} 13. g4 {[%emt 0:00:30]} Nb4 {[%emt 0:13:30]} 14. g5 {[%emt 0:18:30]} Nh5 {[%emt 0:05:30]} 15. a3 {[%emt 0:00:30]} Na6 {[%emt 0:03:30]} 16. Bf3 {[%emt 0:00:30]} g6 {[%emt 0:03:30]} 17. Bxh5 {[%emt 0:00:30]} gxh5 {[%emt 0:00:00]} 18. Nd5 {[%emt 0:04:30]} Bg7 {[%emt 0:11:00]} 19. Ng3 {[%emt 0:01:30]} c6 {[%emt 0:02:30] [%clk 0:07.42]} 20. Nf6+ {[%emt 0:18:28]} Bxf6 {[%emt 0:17:48]} 21. gxf6 {[%emt 0:00:30]} Qxf6 {[%emt 0:00:30]} 22. Nxh5 {[%emt 0:00:30]} Qh4 {[%emt 0:00:30]} 23. Rf3 {[%emt 0:00:30]} d5 {[%emt 0:00:30]} 24. Rg3+ {[%emt 0:00:30]} Kf8 {[%emt 0:00:30]} 25. f5 {[%emt 0:01:37]} f6 {[%emt 0:04:12]} 26. Bh6+ {[%emt 0:00:30]} Ke7 {[%emt 0:00:08]} 27. Rg7+ {[%emt 0:08:21]} Kd8 {[%emt 0:01:16]} 28. exd5 {[%emt 0:00:33]} c5 {[%emt 0:01:30]} 29. Qg4 {[%emt 0:04:15]} Re1+ {[%emt 0:01:13]} 30. Rxe1 {[%emt 0:00:30]} Qxe1+ {[%emt 0:00:00]} 31. Kg2 {[%emt 0:00:00]} Qe5 {[%emt 0:00:53]} 32. Nxf6 {[%emt 0:00:34]} Bxf5 {[%emt 0:01:22]} 33. Rd7+ {[%emt 0:00:09]} 1-0

[Event "26th Troya Open 2018"]
[Site "Canakkale"]
[Date "2018.08.11"]
[Round "9.8"]
[White "Can, Melih Kaan"]
[Black "Sayber, Zeki"]
[Result "1-0"]
[WhiteElo "2183"]
[BlackElo "1984"]
[Annotator "NA"]
[PlyCount "51"]
[EventDate "2018.08.06"]
[EventType "swiss"]
[EventCountry "TUR"]
[SourceTitle "playchess.com"]
[Source "ChessBase"]
[SourceQuality "1"]
[TimeControl "5400+30"]

1. e4 {[%emt 0:06:30]} d6 {[%emt 0:00:30]} 2. d4 {[%emt 0:00:30]} Nf6 {[%emt 0:01:30]} 3. Nc3 {[%emt 0:00:30]} g6 {[%emt 0:00:00]} 4. Nf3 {[%emt 0:02:30]} Bg7 {[%emt 0:01:00]} 5. h3 {[%emt 0:00:30]} O-O {[%emt 0:01:30]} 6. Bd3 {[%emt 0:00:30]} Nc6 {[%emt 0:00:30]} 7. O-O {[%emt 0:00:30]} e5 {[%emt 0:00:30]} 8. d5 {[%emt 0:00:30]} Ne7 {[%emt 0:01:30]} 9. a4 {[%emt 0:00:30]} c6 {[%emt 0:00:00]} 10. dxc6 {[%emt 0:00:00]} bxc6 {[%emt 0:00:00]} 11. Re1 {[%emt 0:03:00]} a5 {[%emt 0:12:30]} 12. b3 {[%emt 0:00:00]} Be6 {[%emt 0:07:30]} 13. Ba3 {[%emt 0:01:00]} Qd7 {[%emt 0:01:30]} 14. Bf1 {[%emt 0:12:30]} Rfd8 {[%emt 0:03:30]} 15. Qd2 {[%emt 0:07:30]} h6 {[%emt 0:00:30]} 16. Rad1 {[%emt 0:00:30]} Ne8 {[%emt 0:00:30]} 17. Qc1 {[%emt 0:02:30]} Qc7 {[%emt 0:02:30]} 18. Bc4 {[%emt 0:07:30]} Bxc4 {[%emt 0:22:30]} 19. bxc4 {[%emt 0:00:30]} Rd7 {[%emt 0:01:30]} 20. c5 {[%emt 0:06:30]} Rad8 {[%emt 0:06:30]} 21. cxd6 {[%emt 0:05:30]} Nxd6 {[%emt 0:00:30]} 22. Bxd6 {[%emt 0:00:30]} Rxd6 {[%emt 0:00:30]} 23. Rxd6 {[%emt 0:00:30]} Rxd6 {[%emt 0:00:30]} 24. Qa3 {[%emt 0:00:30]} f6 {[%emt 0:03:30]} 25. Qc5 {[%emt 0:01:30]} Qd8 {[%emt 0:00:30]} 26. Rb1 {[%emt 0:00:30] [%clk 0:00.00]} 1-0

[Event "26th Troya Open 2018"]
[Site "Canakkale"]
[Date "2018.08.11"]
[Round "9.9"]
[White "Soyunlu, Narmin"]
[Black "Al Shabibi, Mohammed Sultan"]
[Result "0-1"]
[WhiteElo "2061"]
[BlackElo "1382"]
[Annotator "NA"]
[PlyCount "55"]
[EventDate "2018.08.06"]
[EventType "swiss"]
[EventCountry "TUR"]
[SourceTitle "playchess.com"]
[Source "ChessBase"]
[SourceQuality "1"]
[TimeControl "5400+30"]

1. d4 {[%emt 0:08:30]} c6 {[%emt 0:09:30]} 2. c4 {[%emt 0:00:00]} d6 {[%emt 0:00:30]} 3. Nf3 {[%emt 0:00:00]} Nd7 {[%emt 0:00:30]} 4. Nc3 {[%emt 0:00:30]} e5 {[%emt 0:00:00]} 5. e4 {[%emt 0:00:30]} a5 {[%emt 0:01:00]} 6. g3 {[%emt 0:01:30]} Be7 {[%emt 0:00:30]} 7. Bg2 {[%emt 0:00:30]} Ngf6 {[%emt 0:00:30]} 8. O-O {[%emt 0:00:30]} O-O {[%emt 0:00:00]} 9. Re1 {[%emt 0:03:30]} Re8 {[%emt 0:01:00]} 10. h3 {[%emt 0:00:00]} Bf8 {[%emt 0:03:30]} 11. Be3 {[%emt 0:05:00]} exd4 {[%emt 0:01:30]} 12. Nxd4 {[%emt 0:01:30]} Nc5 {[%emt 0:00:30]} 13. Qc2 {[%emt 0:00:30]} Qe7 {[%emt 0:02:30]} 14. Rad1 {[%emt 0:03:30]} Qe5 {[%emt 0:09:30]} 15. Bf4 {[%emt 0:05:30]} Qh5 {[%emt 0:02:30]} 16. g4 {[%emt 0:08:30]} Qg6 {[%emt 0:01:30]} 17. Nf5 {[%emt 0:09:30]} h5 {[%emt 0:01:30]} 18. Nh4 {[%emt 0:02:30]} Qh7 {[%emt 0:01:30]} 19. g5 {[%emt 0:00:00]} Ne6 {[%emt 0:02:30]} 20. Be3 {[%emt 0:05:00]} Nd7 {[%emt 0:01:30]} 21. Nf5 {[%emt 0:10:30]} Ne5 {[%emt 0:11:30]} 22. Ne2 {[%emt 0:05:30]} Nc7 {[%emt 0:10:30] [%clk 0:15.47]} 23. Bb6 {[%emt 0:22:31]} Na6 {[%emt 0:35:44]} 24. Bxa5 {[%emt 0:05:59]} Nc5 {[%emt 0:00:30]} 25. Bc7 {[%emt 0:00:30]} Ne6 {[%emt 0:00:30]} 26. Bxd6 {[%emt 0:00:30]} Nxg5 {[%emt 0:00:30]} 27. Bxe5 {[%emt 0:00:30]} Rxe5 {[%emt 0:00:30]} 28. Rd8 {[%emt 0:00:30]} 0-1

[Event "26th Troya Open 2018"]
[Site "Canakkale"]
[Date "2018.08.11"]
[Round "9.11"]
[White "Gokbulut, Julia"]
[Black "Sahin, Handenur"]
[Result "0-1"]
[WhiteElo "2076"]
[BlackElo "1984"]
[Annotator "NA"]
[PlyCount "46"]
[EventDate "2018.08.06"]
[EventType "swiss"]
[EventCountry "TUR"]
[SourceTitle "playchess.com"]
[Source "ChessBase"]
[SourceQuality "1"]
[TimeControl "5400+30"]

1. d4 {[%emt 0:00:30]} d5 {[%emt 0:00:30]} 2. Nf3 {[%emt 0:00:00]} Nf6 {[%emt 0:01:30]} 3. c4 {[%emt 0:00:00]} c6 {[%emt 0:00:00]} 4. Qb3 {[%emt 0:00:30]} dxc4 {[%emt 0:00:00]} 5. Qxc4 {[%emt 0:00:00]} Bg4 {[%emt 0:00:30]} 6. Nc3 {[%emt 0:00:00]} Nbd7 {[%emt 0:00:30]} 7. e4 {[%emt 0:00:30]} e6 {[%emt 0:05:30]} 8. Be3 {[%emt 0:04:30]} Rc8 {[%emt 0:04:30]} 9. Qd3 {[%emt 0:06:30]} Be7 {[%emt 0:04:30]} 10. Nd2 {[%emt 0:04:30]} c5 {[%emt 0:12:30]} 11. h3 {[%emt 0:02:30]} Bh5 {[%emt 0:06:30]} 12. g4 {[%emt 0:03:30]} cxd4 {[%emt 0:04:30]} 13. Bxd4 {[%emt 0:03:30]} e5 {[%emt 0:05:30]} 14. Bxa7 {[%emt 0:00:30]} Bg6 {[%emt 0:00:30]} 15. Be3 {[%emt 0:00:30]} O-O {[%emt 0:01:30]} 16. f3 {[%emt 0:05:30]} Qc7 {[%emt 0:05:30]} 17. g5 {[%emt 0:05:30]} Nh5 {[%emt 0:01:30]} 18. Nd5 {[%emt 0:08:30]} Qd8 {[%emt 0:00:00]} 19. Rg1 {[%emt 0:03:30]} Bc5 {[%emt 0:08:00]} 20. b4 {[%emt 0:04:30]} Bxe3 {[%emt 0:03:30]} 21. Qxe3 {[%emt 0:00:30]} Nf4 {[%emt 0:01:30]} 22. Nxf4 {[%emt 0:06:30]} exf4 {[%emt 0:00:00]} 23. Qxf4 {[%emt 0:06:30]} Qb6 {[%emt 0:03:00] [%clk 0:07.12]} 0-1

[Event "26th Troya Open 2018"]
[Site "Canakkale"]
[Date "2018.08.11"]
[Round "9.12"]
[White "Yordanova, Svetla"]
[Black "Buke, Furkan"]
[Result "0-1"]
[WhiteElo "2116"]
[BlackElo "1925"]
[Annotator "ChessBase"]
[PlyCount "138"]
[EventDate "2018.08.06"]
[EventType "swiss"]
[EventCountry "TUR"]
[SourceTitle "playchess.com"]
[Source "ChessBase"]
[SourceQuality "1"]
[TimeControl "5400+30"]

1. Nf3 {[%emt 0:00:30]} c5 {[%emt 0:00:30]} 2. c4 {[%emt 0:00:30]} g6 {[%emt 0:00:30]} 3. Nc3 {[%emt 0:00:30]} Bg7 {[%emt 0:00:00]} 4. g3 {[%emt 0:01:30]} Nc6 {[%emt 0:00:00]} 5. Bg2 {[%emt 0:00:30]} e6 {[%emt 0:00:30]} 6. O-O {[%emt 0:00:30]} Nge7 {[%emt 0:00:00]} 7. d3 {[%emt 0:02:30]} O-O {[%emt 0:02:00]} 8. Bd2 {[%emt 0:00:00]} d6 {[%emt 0:00:30]} 9. Rb1 {[%emt 0:00:00]} b6 {[%emt 0:00:00]} 10. a3 {[%emt 0:00:30]} Bb7 {[%emt 0:00:00]} 11. b4 {[%emt 0:02:30]} Qd7 {[%emt 0:00:30]} 12. Ne1 {[%emt 0:04:30]} Rac8 {[%emt 0:07:30]} 13. Nc2 {[%emt 0:00:30]} Nf5 {[%emt 0:02:30]} 14. Ne3 {[%emt 0:13:30]} Nxe3 {[%emt 0:07:30]} 15. fxe3 {[%emt 0:03:30]} Ne5 {[%emt 0:03:30]} 16. e4 {[%emt 0:07:30]} f5 {[%emt 0:02:30]} 17. Qb3 {[%emt 0:07:30]} Ba8 {[%emt 0:08:30]} 18. h3 {[%emt 0:04:30]} Kh8 {[%emt 0:08:30]} 19. Kh2 {[%emt 0:00:30]} fxe4 {[%emt 0:01:30]} 20. Bxe4 {[%emt 0:08:30]} Bxe4 {[%emt 0:03:30]} 21. Nxe4 {[%emt 0:00:30]} d5 {[%emt 0:00:30]} 22. cxd5 {[%emt 0:00:30]} exd5 {[%emt 0:00:00]} 23. Nf2 {[%emt 0:07:30]} c4 {[%emt 0:03:00]} 24. dxc4 {[%emt 0:01:30]} dxc4 {[%emt 0:00:30]} 25. Qc2 {[%emt 0:00:30]} c3 {[%emt 0:01:30]} 26. Bf4 {[%emt 0:00:30]} Nc4 {[%emt 0:01:30]} 27. Rbd1 {[%emt 0:01:30]} Qc6 {[%emt 0:02:30]} 28. Ng4 {[%emt 0:05:30]} h5 {[%emt 0:02:30] [%clk 0:03.14]} 29. b5 {[%emt 0:17:38]} Qe6 {[%emt 0:39:16]} 30. Nf2 {[%emt 0:00:30]} Rxf4 {[%emt 0:00:30]} 31. gxf4 {[%emt 0:00:30]} Ne3 {[%emt 0:00:30]} 32. Qd3 {[%emt 0:00:30]} c2 {[%emt 0:00:30]} 33. Rg1 {[%emt 0:00:30]} cxd1=Q {[%emt 0:00:30]} 34. Nxd1 {[%emt 0:00:30]} Nxd1 {[%emt 0:00:30]} 35. Rxg6 {[%emt 0:00:30]} Qf7 {[%emt 0:00:30]} 36. f5 {[%emt 0:00:30]} Qc7+ {[%emt 0:00:30]} 37. Kg2 {[%emt 0:00:30]} Qf4 {[%emt 0:00:30]} 38. Qxd1 {[%emt 0:00:30]} Qe4+ {[%emt 0:00:30]} 39. Kh2 {[%emt 0:00:30]} Be5+ {[%emt 0:00:30]} 40. Kg1 {[%emt 0:00:30]} Bd4+ {[%emt 0:00:30]} 41. Kh2 {[%emt 0:00:30]} Qe5+ {[%emt 0:00:30]} 42. Kh1 {[%emt 0:00:30]} Qd5+ {[%emt 0:00:30]} 43. Rg2 {[%emt 0:00:30]} Qc5 {[%emt 0:00:30]} 44. Rg5 {[%emt 0:00:30]} Qc1 {[%emt 0:00:30]} 45. Rxh5+ {[%emt 0:00:30]} Kg7 {[%emt 0:00:30]} 46. Qxc1 {[%emt 0:00:30]} Rxc1+ {[%emt 0:00:30]} 47. Kg2 {[%emt 0:00:30]} Rc3 {[%emt 0:00:30]} 48. e4 {[%emt 0:00:30]} Rxa3 {[%emt 0:00:30]} 49. Rg5+ {[%emt 0:00:30]} Kf7 {[%emt 0:00:30]} 50. Rg3 {[%emt 0:00:30]} Rxg3+ {[%emt 0:00:30]} 51. Kxg3 {[%emt 0:00:30]} Kf6 {[%emt 0:00:30]} 52. Kf4 {[%emt 0:00:30]} Be5+ {[%emt 0:00:30]} 53. Kg4 {[%emt 0:00:30]} Bd6 {[%emt 0:00:30]} 54. h4 {[%emt 0:00:30]} Bf8 {[%emt 0:00:30]} 55. Kh5 {[%emt 0:00:30]} Bg7 {[%emt 0:00:30]} 56. Kg4 {[%emt 0:00:30]} Bh6 {[%emt 0:00:30]} 57. e5+ {[%emt 0:00:30]} Kxe5 {[%emt 0:00:30]} 58. Kh5 {[%emt 0:00:30]} Bg7 {[%emt 0:00:30]} 59. Kg6 {[%emt 0:00:30]} Bf6 {[%emt 0:00:30]} 60. h5 {[%emt 0:00:30]} Bh8 {[%emt 0:00:30]} 61. Kg5 {[%emt 0:00:30]} Kd6 {[%emt 0:00:30]} 62. Kg6 {[%emt 0:00:30]} Ke7 {[%emt 0:00:30]} 63. h6 {[%emt 0:00:30]} Be5 {[%emt 0:00:30]} 64. Kh5 {[%emt 0:00:30]} Kf7 {[%emt 0:00:30]} 65. Kg5 {[%emt 0:00:30]} Bf6+ {[%emt 0:00:30]} 66. Kh5 {[%emt 0:00:30]} Bc3 {[%emt 0:00:30]} 67. Kg5 {[%emt 0:00:30]} Bd2+ {[%emt 0:00:30]} 68. Kh5 {[%emt 0:00:30]} Bxh6 {[%emt 0:00:30]} 69. Kxh6 {[%emt 0:00:30]} Kf6 {[%emt 0:01:59]} 0-1

[Event "26th Troya Open 2018"]
[Site "Canakkale"]
[Date "2018.08.11"]
[Round "9.13"]
[White "Ceylan, Arda"]
[Black "Kocakaplan, Emre"]
[Result "0-1"]
[WhiteElo "1617"]
[BlackElo "1591"]
[Annotator "NA"]
[PlyCount "98"]
[EventDate "2018.08.06"]
[EventType "swiss"]
[EventCountry "TUR"]
[SourceTitle "playchess.com"]
[Source "ChessBase"]
[SourceQuality "1"]
[TimeControl "5400+30"]

1. d4 {[%emt 0:00:30]} Nf6 {[%emt 0:00:30]} 2. Nf3 {[%emt 0:00:30]} e6 {[%emt 0:00:30]} 3. c4 {[%emt 0:00:30]} c5 {[%emt 0:00:30]} 4. d5 {[%emt 0:00:30]} exd5 {[%emt 0:00:30]} 5. cxd5 {[%emt 0:00:30]} d6 {[%emt 0:00:30]} 6. Nc3 {[%emt 0:00:30]} g6 {[%emt 0:00:30]} 7. e4 {[%emt 0:00:30]} Bg7 {[%emt 0:00:30]} 8. Be2 {[%emt 0:00:30]} O-O {[%emt 0:00:30]} 9. O-O {[%emt 0:00:00]} Re8 {[%emt 0:00:00]} 10. Nd2 {[%emt 0:00:00]} a6 {[%emt 0:00:00]} 11. a4 {[%emt 0:00:00]} Nbd7 {[%emt 0:00:00]} 12. Qc2 {[%emt 0:02:00]} Ne5 {[%emt 0:01:00]} 13. f4 {[%emt 0:05:30]} Neg4 {[%emt 0:01:30]} 14. Nf3 {[%emt 0:11:30]} Qe7 {[%emt 0:21:30]} 15. e5 {[%emt 0:14:30]} dxe5 {[%emt 0:11:30]} 16. h3 {[%emt 0:02:30]} e4 {[%emt 0:02:30]} 17. hxg4 {[%emt 0:17:30]} exf3 {[%emt 0:00:30]} 18. gxf3 {[%emt 0:03:30]} Nxg4 {[%emt 0:11:30]} 19. fxg4 {[%emt 0:02:30]} Bd4+ {[%emt 0:04:30]} 20. Kg2 {[%emt 0:02:30]} Bxc3 {[%emt 0:00:00]} 21. bxc3 {[%emt 0:01:30]} Qxe2+ {[%emt 0:01:00]} 22. Qxe2 {[%emt 0:00:30]} Rxe2+ {[%emt 0:00:00]} 23. Kg3 {[%emt 0:00:30]} Bd7 {[%emt 0:01:00]} 24. Ba3 {[%emt 0:00:30]} c4 {[%emt 0:02:30]} 25. a5 {[%emt 0:04:30]} Rae8 {[%emt 0:01:30]} 26. Rab1 {[%emt 0:02:30]} Rc2 {[%emt 0:03:30]} 27. Bb4 {[%emt 0:04:30]} Ree2 {[%emt 0:00:30]} 28. g5 {[%emt 0:02:30]} Rg2+ {[%emt 0:00:30]} 29. Kf3 {[%emt 0:00:30]} Rce2 {[%emt 0:00:30]} 30. f5 {[%emt 0:00:30]} Bxf5 {[%emt 0:00:30]} 31. d6 {[%emt 0:04:00] ˜} Bxb1 {[%emt 0:04:30] 0} 32. Rxb1 {[%emt 0:00:19] ˜} Rd2 {[%emt 0:01:30] 1} 33. Kf4 {[%emt 0:04:48] ˜} Rgf2+ {[%emt 0:01:30] 3} 34. Kg4 {[%emt 0:01:26] [%clk 0:11.56]} f5+ {[%emt 0:01:30]} 35. Kg3 {[%emt 0:01:01]} Rfe2 {[%emt 0:00:30]} 36. Kf3 {[%emt 0:00:48]} Re5 {[%emt 0:02:30]} 37. Kf4 {[%emt 0:00:30]} Re4+ {[%emt 0:00:30]} 38. Kf3 {[%emt 0:00:30]} Rd3+ {[%emt 0:00:30]} 39. Kf2 {[%emt 0:00:00]} Re5 {[%emt 0:00:30]} 40. Rh1 {[%emt 0:00:23]} f4 {[%emt 0:00:30]} 41. Rh4 {[%emt 0:01:49]} Rxg5 {[%emt 0:03:30]} 42. Ke1 {[%emt 0:00:30]} Re5+ {[%emt 0:00:30]} 43. Kf2 {[%emt 0:00:33]} g5 {[%emt 0:00:30]} 44. Rh6 {[%emt 0:00:30]} Kg7 {[%emt 0:00:30]} 45. Rh1 {[%emt 0:00:30]} g4 {[%emt 0:00:30]} 46. Rb1 {[%emt 0:00:30]} g3+ {[%emt 0:00:30]} 47. Kg2 {[%emt 0:00:00]} Re2+ {[%emt 0:02:30]} 48. Kh3 {[%emt 0:00:11]} h5 {[%emt 0:00:30]} 49. Kh4 {[%emt 0:00:30]} Kg6 {[%emt 0:00:00]} 0-1